Statystyki dla Amerykańcy artyści muzyczni

Kliknij tutaj aby rozwiązać quiz!

Ogólne statystyki

  • Ten quiz został rozwiązany 124 razy
  • Średni wynik to 7 z 12

Statystyki odpowiedzi

PodpowiedźArtysta% Poprawnych
Prawdopodobnie najbardziej znany biały raper na ziemi, uznawany jest za króla rapu.Eminem
91%
Jako jedyny posiada 3 miliardy odtworzeń na Spotify (14.01.2022). Ma rude włosy oraz pochodzi z Wielkiej BrytaniiEd Sheeran
85%
Kto był w Paryżu? Znany głównie jest z jego mocnej wiary oraz z konkurencji z innym artystąKanye West
72%
Znany ze swojej miłości do marihuany, często rapował z Dr. DreSnoop Dogg
70%
Idolka wielu alternatywnych dziewczyn. W 2019 dostała 6 nagród grammy.Billie Eilish
63%
Najpopularniejszy artysta na świecie, krążyło o nim wiele teorii, zmarł z przedawkowania lekówMichael Jackson
62%
Miał swój koncert w Fortnite, od 2018 co roku organizuje koncert (nie licząc 2020).Travis Scott
62%
Jeden z najbardziej kontrowersyjnych muzyków, jego pseudonim nawiązuje do pozycji seksualnej6ix9ine
61%
Miał swój koncert w Robloxie oraz jest HomoseksualistąLil Nas X
56%
Często używał w swoich piosenkach "Let's go" przez co stał się popularny.DaBaby
39%
Jest w związku z Cardi B, jego najpopularniejszy album to "Without Warning"Offset
31%
Jego najbliżsi przyjaciele zmarli (Juice WRLD, XXXTENTACION), jego najpopularniejsza piosenka została napisana w 10 minutSki Mask The Slump God
22%

Rozkład punktacji

Percentyl według liczby udzielonych odpowiedzi

Procent ludzi z każdym wynikiem

Twoja historia wyników

Nie rozwiązałeś tego quizu